| 000 | 01027nam a22002177a 4500 | ||
|---|---|---|---|
| 999 |
_c59176 _d59176 |
||
| 003 | Ge_BSU | ||
| 005 | 20221202103427.0 | ||
| 008 | 221202s1982ge xxu||||| |||| 00| 0 geo d | ||
| 041 | _ageo | ||
| 080 | _a821.111-31 უ-11 | ||
| 100 |
_aუაილდი, ოსკარ, ავტ. _916300 |
||
| 245 |
_aდორიან გრეის პორტრეტი : _b[რომანი] / _cოსკარ უაილდი ; ინგლ. თარგმნა თ. მაღრაძემ ; გ. გაჩეჩილაძის წინასიტყვ. |
||
| 250 | _aმე-2 გამოც | ||
| 264 |
_aთბილისი : _bმერანი, _c1982. |
||
| 300 |
_a326 გვ. ; _b21 სმ. |
||
| 653 | _aდორიან გრეის პორტრეტი | ||
| 653 | _aრომანი | ||
| 700 |
_aმაღრაძე, თ _eმთარგმნელი _916301 |
||
| 700 |
_aგაჩეჩილაძე, გ. _eწინასიტყვაობა _9397 |
||
| 942 |
_2udc _cBK |
||